Vie d´Hypatios / [por] Callincos ; introd., texte critique, tr. et notes par G.J.M. Bartelink

Uloženo v:
Podrobná bibliografie
Hlavní autor: Callincos (autor)
Médium: Kniha
Edice:(Sources Chrétiennes ; 177)
Témata:
Tagy: Přidat tag
Žádné tagy, Buďte první, kdo vytvoří štítek k tomuto záznamu!

MARC

LEADER 00000nam^a2200000^u^4500
001 000536777
005 20250903000000.0
008 060220s1000^^^^^^^^^^^^r^^^^^000^0^spa^d
009 20260310131045.54
035 |a FMI 000002762 
037 |a Acervo Xavier Clavigero 
096 |a 3.1.1/177/A 
100 |a Callincos  |e (autor) 
245 1 0 |a Vie d´Hypatios / [por] Callincos ; introd., texte critique, tr. et notes par G.J.M. Bartelink 
264 |a Paris : Du Cerf, 1971 
300 |a 335 p. 
336 |a texto  |b txt  |2 rdacontenido 
337 |a sin mediación  |b n  |2 rdamedio 
338 |a volumen  |b nc  |2 rdasoporte 
440 0 |a (Sources Chrétiennes ;  |v 177) 
649 |a XX 
650 |a PATROLOGIA 
910 |a Fondo Francisco Migoya Covarrubias S.J. 
920 |a Impresos - Libros 
930 |a Fondos Especiales 
905 |a 134 
901 |a SBC11741  |b IT2  |c ESP  |u 20250521 
902 |a https://opac.biblio.iteso.mx/vufind/Record/000536777